000 01284naa a22003617a 4500
001 BR6009356
003 BR-BrBNA
005 20240918173011.0
007 ta
008 230509b bl.||||| |||| 00| 0 por d
040 _aBR-BrBNA
_bpor
_cBiblioteca Nacional de Agricultura
041 _a(Pt)
072 _aK50; K10
_b8915
_b8905
_b3240
_bG514
_bGZ74
090 _aK50 BR6009356
100 1 _aThibau, C.E.
111 1 _a1. Consulta sobre Economia Florestal no Brasil
_cRio de Janeiro, GB (Brazil)
_d27 Nov 1972
245 1 _aPotencial lenheiro e perspectivas da economia carvoeira [Industria florestal; Producao florestal; Brasil]
260 3 _aRio de Janeiro, GB (Brasil):
_c1972.
500 _a1. Consulta sobre Economia Florestal no Brasil Rio de Janeiro, GB (Brasil): 1972. p. 120-134 (BR6009356-AM)K50
650 _aIndustria florestal
650 _aProducao florestal
650 _aLenha
650 _aCarvao vegetal
650 _aEucalipto
650 _aCombustivel
650 _aReflorestamento
650 _aTransporte
650 _aPreco
650 _aCerrado
773 0 _t1. Consulta sobre Economia Florestal no Brasil
_b
_wK50 BR6009356
_gRio de Janeiro, GB (Brasil), 1972. p. 120-134
909 _a202404
_bLucia
_c55
_dLucia Elande
942 _cAM
_2AGRIS
999 _c302441
_d302441